000
00343nam a2200133Ia 4500
003
PILC
008
220421s2001 xx 000 0 und d
040
_c
EARIST LIBRARY
100
_a
Delfin B. Soriano
_9
945
245
0
_a
Nutritional Guidelines for Filipinos /
260
_b
Lingguistic society :
_c
2001.
999
_c
2315
_d
2315
942
_2
ddc
_c
BK